Quizzes
Events
Quiz Creation
Community
Videos
Private Events
Remove Ads
Sign In
Join for FREE
Feedback
Dark Mode
Quiz Categories
Sports
Geography
Music
Movies
Television
Just For Fun
Miscellaneous
History
Literature
Language
Science
Gaming
Entertainment
Religion
Holiday
For Kids
Quiz Lab
Recent
Popular Today
Quiz Kudos Today
Editor Picks
Curator Picks
Quizzes by...
Day
Popularity
Type
Ratings
Length
Year
Community
Subscriptions
Recent Discussions
Orange Saloon
Badges
Playlists
Quests
Create
Leaderboards
Showdown
Live 5
Trivia Bingo
Activity
Puzzle Library
Sporcle Events
Private Events
Virtual Trivia
Globe League
Become a Host
Pub Owners
SporcleCon
Opinionation
Our Games
Videos
Blog
Mobile Apps
Partnerships
Remove Ads and Go Orange
Feedback
Miscellaneous
Crossword
General Knowledge
Baby Names
Logo
Food
Cars
Numbers
Grab Bag
University
College
Popular
Company
Slogans
Restaurants
Justice
Letter
Miscellaneous
Crossword
General Knowledge
Baby Names
Logo
Food
Cars
Numbers
Grab Bag
University
College
Popular
Company
Slogans
Restaurants
Justice
Letter
Random Quiz
Search Sporcle
×
Quiz Lab
Quiz Lab
Miscellaneous
joel
Type in answers that appear in a list
Type in answers that appear in a list
Classic
Best Score? Go Orange.
The Joel Quiz Stats
Can you name the The Joel Quiz?
By
drjoel
5m
16 Questions
186 Plays
186 Plays
186 Plays
Comments
Comments
Give Quiz Kudos
Give Quiz Kudos
-
- Ratings
hide this ad
More Info
Replay
Link that replays current quiz
Next Quiz
Link to next quiz in quiz playlist
You Got
0%
They Got
Avg Score
38%
Avg Friend Score
Upgrade to see
Score Distribution
Jump to the score distribution portion of the page
Score
0/16
Timer
05:00
0
Plays Today
Hints
Answers
% Correct
Joel strokes his beard primarily with which hand?
left
77.4%
Joel cut sugar cane in this country
Cuba
73.7%
What University did Joel teach at?
Harvard
63.4%
What is Joel's favorite collection item?
Rugs
53.2%
Joel lives in this city
Cambridge
50.5%
Joel played softball with this famous leader
Fidel Castro
49.5%
Joel's beard is approximately how many inches?
6
37.1%
While cutting sugar cane Joel befriended communists from this country
Vietnam
36%
Hints
Answers
% Correct
During one of Joel's ethics classes a kid got kicked out of the class for doing this
jumping out of a window
32.3%
While cutting sugar cane Joel watched a movie from communists in this country
North Korea
31.2%
Joel got kicked out of Jamaica High School for this
Political activism
22.6%
Was Joel born with a beard?
No one knows
20.4%
and his favorite antique collection item to wear?
Jackets
19.9%
Joel's favorite phrase
By and large
17.7%
Joel's first ebay sale was what type of rug
Prayer rug
13.4%
Joel serves on this Newton teacher's union committee
Negotiating
12.4%
Quiz Playlist
Details
Report
Send in Message
Add To Playlist
More Info:
Joel Greifinger is one of Newton's finest and most recognizable teachers. How much do you know about him?
Classic:
Type in answers that appear in a list
Last Updated: Feb 16, 2017
Quiz Scoreboard
CHALLENGE
Sign Up to Join the Scoreboard
Show All
Scores
Hide
Comments
May contain spoilers
Recently Published
Popular People in 1961
by mucciniale
History
6m
1-10 Letter E Words III
by El_Dandy
Language
2m
One Thing in Common: World Cities II
by knightlancer
Geography
7m
More to Explore
Quiz From the Vault
Featured Blog Post
Where Did the Easter Bunny Come From?
hide this ad
You Might Also Like...
Tags
joel
Today's Top Quizzes in Miscellaneous
Browse Miscellaneous
hide this ad
Today's Top Quizzes in joel
Browse joel
Top Contributed Quizzes in Miscellaneous
1
The JOE quick-fire general knowledge quiz: Day 173
2
The JOE quick-fire general knowledge quiz: Day 172
3
Sunday Crossword: Famous Bodies of Water
4
Named After an Animal - Odd One Out!
5
sort kpop groups by number of members
6
One Thing in Common: United Kingdom II
7
The JOE quick-fire general knowledge quiz: Day 171
8
Lays Potato Chip Flavour Contest Finalists
9
The JOE quick-fire quiz: Day 170
10
Sunday Crossword: Themeless #5
Explore More
Trending Topics
Marvel
Disney
Anime
Crossword
Harry Potter
Kpop
NBA
NFL
The Office
Soccer
Song
Country
WWE
Pokémon
Puzzle
hide this ad
More By:
drjoel
Quiz
Plays
Rating
Category
Featured
Created
The Joel Quiz
186
2.67
Miscellaneous
Mar 24, 2010
Go to Creator's Profile
Score Distribution
Quiz Creator Spotlight
drjoel
Follow
Send a Message
Quizzes Created
-
Created Quiz Play Count
-
More By This Creator
Popular Quizzes Today
1
Find the US States - No Outlines Minefield
2
The Countries of the World
3
Find the Countries of Europe - No Outlines Minefield
4
Popular People in 1961
5
1-10 Letter E Words III
6
Find the US States
7
One Thing in Common: World Cities II
8
US States
More Miscellaneous Quizzes
20 Iconic Photographs (with warning)
Editor's Pick
Trending Quizzes
Risky Map Clicking: Least Populous States A-Z
1-10 Letter F Words
1-10 Letter G Words
One Thing in Common: United Kingdom
Risky Map Clicking: Next State Alphabetically
Recently Updated
Leaping Animals
pecheneg
Reality TV Shows (A-Z)
bhenderson79
Rickey Henderson's Hall of Fame Teammates
pecheneg
Champions League XIs: Arsenal
pecheneg
Quick Pick: Celebrities in WWE's Hall of Fame
aduchscher
A-Z Keypad Blitz II
pecheneg
Multiple Oscar Actors
pecheneg
Mystery Phrase Blitz: Oscar 'Best Actors'
pecheneg
F. Scott Fitzgerald Novels
LTH
Pick 3 Villains
ddd62291
Trending Topics
Disney
Harry Potter
NBA
Kpop
Marvel
Crossword
Anime
Song
Puzzle
The Office
WWE
NFL
Country
Pokémon
Soccer
Your Account Isn't Verified!
In order to create a playlist on Sporcle, you need to verify the email address you used during registration. Go to your
Sporcle Settings
to finish the process.
Report this User
Report this user for behavior that violates our
Community Guidelines
.
Details:
Send Report
Go to the Sporcle.com Mobile Site →
Comments